00559cam a22001697a 4500008004000000020001500040082001400055245008000069260004000149300001000189650002200199650001800221650002600239700002000265999001900285952008500304180718b2005 xxu||||| |||| 00| 0 eng d a0195672291 aBx54 G959 aAnti-Utopia: essential writings of Andre Beteillecedited by Dipankar Gupta aNew DelhibOxford Univ. Pressc2005 a494p. aSociology - India aCaste - India aCivil society - India aGupta, Dipankar c404450d404450 00104070aIIPAbIIPAd2005-08-18oBx54 G959p80406r2018-07-21w2018-07-21yBK